000 00294nam a22001337a 4500
008 170830b xxu||||| |||| 00| 0 eng d
020 _a9781439085165
041 _aeng
080 _213RD
_a070
100 _a40
101 _aMED
245 _aLOOKINGOUT LOOKINGIN
_cDOYLE,SH
942 _2udc
_cBK
999 _c25644
_d25644